| 000 | 02211cam a22005174i 4500 | ||
|---|---|---|---|
| 003 | PE-LiUPU | ||
| 005 | 20250731172856.0 | ||
| 008 | 161005s2003 r 000 0 spa d | ||
| 020 | _a0972223347 | ||
| 020 | _a9780972223348 | ||
| 035 | _a(Sirsi) a163973 | ||
| 040 |
_aPE-LiUPU _bspa _cPE-LiUPU _erda |
||
| 041 | 1 |
_heng _aspa |
|
| 049 | _aPRUA | ||
| 082 | 0 | 4 |
_a220.15 _bW75 _220 |
| 100 | 1 |
_aWohlberg, Steve, _eautor. |
|
| 245 | 1 | 0 |
_aDetonando el engaño acerca de Israel / _cSteve Wohlberg. |
| 264 | 1 |
_aTempleton, CA : _bEndtime Insights, _c©2003. |
|
| 300 |
_a125 páginas ; _c18 centimetros |
||
| 336 |
_atext _2rdacontent |
||
| 337 |
_aunmediated _2rdamedia |
||
| 338 |
_avolume _2rdacarrier |
||
| 500 | _a"Un judío creyente expone las falsas profecías sobre Israel, el templo y el Armagedón." | ||
| 504 | _aBibliografía : página 126. | ||
| 505 | 0 | _aLuchando con un Ágel -- Una nueva mirada a Jesucristo -- El impresionante principio de los dos Israeles -- "Elección" y la nación escogida -- El engaño de la "70" semanas de Daniel -- El divorcio divino -- Cuando cayó la muralla -- 1948 ¿una doctrina insumergible? -- Verdades titánicas acerca del templo --Cuando seque el río Éufrates -- Ranas, fabulas y el Armagedón -- Truenos des de el satuario del cielo -- Efectivamente 144.000 Israelitas. | |
| 526 | _aSEG42 | ||
| 526 | _aSEG41 | ||
| 526 | _aSEG40 | ||
| 526 | _aSEG39 | ||
| 526 | _aP94 | ||
| 526 | _aP87 | ||
| 526 | _aP86 | ||
| 526 | _aP85 | ||
| 526 | _aP77 | ||
| 526 | _aP76 | ||
| 526 | _aP35 | ||
| 650 | 0 | 7 |
_aBiblia _xProfecias. |
| 650 | 0 | 7 | _aFin del mundo. |
| 910 |
_ajck _bjos _cjck _d2016105 |
||
| 942 |
_2ddc _cBOOK |
||
| 949 |
_a220.15 W75 _wDEWEY _c1 _i74739 _lCATALOGING _mBUL _p15.00 _r0 _sY _tBOOK _u2016-10-05 _xTEOLIGIA _PP35 _0COMPRA _o.CIRCNOTE. El documento es de alto precio. _o.STAFF. Colección Teología |
||
| 264 | 1 | _a**REQUIRED FIELD** | |
| 596 | _a1 | ||
| 999 |
_a220.15 W75 _wDEWEY _c12830 _i74739 _f2021-11-9 _g5 _lCCODEBUL1 _mBUL _p15.00 _r0 _sY _tBOOK _u2016-10-5 _xTEOLOGIA _PP35 _0COMPRA _o.STAFF. Colección Teología _d12830 |
||
| 980 |
_81 _gALBERTO SANCHEZ Responsable de Automatización |
||